000 01451nam a2200373 c 4500
999 _c48890
_d48890
003 BLK
005 20221028164143.0
008 180408b bul|||||r ||||||| ||bul||
010 _aKNG00052710000
040 _aBLK
041 _aBUL
_cBUL
080 _aФизика
_b53
_x(072)
_z53(072)
100 1 _aГаланов, Петър Николов
_eпърви автор
_950723
139 _aГаланов, Петър Н. и др.
_bГ 18
245 1 0 _aПрограмирани тестове по физика
_bЗа Х кл. на СПТУ : В помощ на учителите
_cПетър Н. Галанов; съавт. Людмил Петров Вацкичев.
257 _aBGR
260 _aСофия
_bНар. просв.
_c1977
_fХасково : Ат. Стратиев
300 _a112 с.
_bс черт.
_c20 см
380 _a5
500 _a5 101 тир.
650 4 _aФизика - методика на преподаването - за средни училища
_9250309
650 4 _aФизика - тестове
_9263205
653 _aфизика
653 _aтехникуми
653 _aХ кл.
653 _aметодика на преподаването
653 _aтестове
700 1 _aВацкичев, Людмил Петров
_eсъавт.
_946512
852 _aЦб 86525
856 4 _qpdf
_i0.00
_ldisable
856 4 _qpdf
_i0.00
_ldisable
942 _cKNG
_n0
_s1
944 _aCR
_c12.09.2016
_kКети_Илиева
944 _aED
_c12.09.2016
_kКети_Илиева
944 _aED
_c2022-10-28
_kХристина Везирева
999 _d48890